[Event "International Championship of Central S"]
[Site "Paracin"]
[Date "2014.07.08"]
[Round "6.1"]
[White "Zajic, Milun"]
[Black "Milosevic, Rade"]
[Result "1/2-1/2"]
[WhiteElo "1970"]
[BlackElo "2100"]
[PlyCount "46"]
[EventDate "2014.07.04"]

1. c4 Nf6 2. g3 d5 3. cxd5 Qxd5 4. Nf3 c6 5. Bg2 Bg4 6. Nc3 Qa5 7. d3 e6 8. O-O
Nbd7 9. Bd2 Qc7 10. Re1 Be7 11. Bf4 Qb6 12. Qc2 O-O 13. a3 Nd5 14. Bd2 Nxc3 15.
Bxc3 Bxf3 16. Bxf3 Bf6 17. d4 g6 18. e4 Rac8 19. Red1 Bg7 20. Bb4 Rfe8 21. Qd2
a6 22. Ba5 Qa7 23. Bg2 b6 1/2-1/2

[Event "International Championship of Central S"]
[Site "Paracin"]
[Date "2014.07.08"]
[Round "6.2"]
[White "Marjanovics, Gyorgy"]
[Black "Manelidis, Savvas"]
[Result "1/2-1/2"]
[WhiteElo "2070"]
[BlackElo "2000"]
[PlyCount "73"]
[EventDate "2014.07.04"]

1. e4 e5 2. Nf3 Nc6 3. Bb5 a6 4. Ba4 Nge7 5. Nc3 g6 6. d4 exd4 7. Nd5 Bg7 8.
Bg5 h6 9. Bf6 Kf8 10. Nxd4 Bxf6 11. Nxf6 Kg7 12. Nd5 Nxd5 13. exd5 Nxd4 14.
Qxd4+ Qf6 15. O-O-O b5 16. Bb3 Qxd4 17. Rxd4 Bb7 18. Re1 Rhe8 19. Rde4 Kf8 20.
Kd2 Rxe4 21. Rxe4 Re8 22. Kd3 Rxe4 23. Kxe4 Ke7 24. g4 d6 25. h4 Bc8 26. g5
hxg5 27. hxg5 f6 28. f4 fxg5 29. fxg5 Bf5+ 30. Kd4 Kd7 31. c4 Kc8 32. cxb5 axb5
33. Kc3 Kb7 34. Kb4 Kb6 35. a3 Be4 36. Ba2 Bf5 37. Bb3 1/2-1/2

[Event "International Championship of Central S"]
[Site "Paracin"]
[Date "2014.07.08"]
[Round "6.3"]
[White "Nikolovski, Nikola"]
[Black "Aleksic, Neven"]
[Result "1-0"]
[WhiteElo "2017"]
[BlackElo "1981"]
[PlyCount "45"]
[EventDate "2014.07.04"]

1. e4 e5 2. Nf3 Nc6 3. d4 exd4 4. Bc4 Nf6 5. e5 d5 6. Bb5 Ne4 7. Nxd4 Bd7 8.
Bxc6 bxc6 9. O-O Bc5 10. c3 Ng5 11. f4 Ne4 12. Be3 O-O 13. Nd2 f6 14. Nxe4 dxe4
15. Qe2 Kh8 16. Nb3 Bg4 17. Qf2 Be7 18. h3 Bh5 19. Nd4 Qd5 20. c4 Qxc4 21. Rfc1
Qd3 22. Nxc6 Bd8 23. Rc5 1-0

[Event "International Championship of Central S"]
[Site "Paracin"]
[Date "2014.07.08"]
[Round "6.4"]
[White "Djordjevic, Danilo"]
[Black "Konstantinov, Aleksandar"]
[Result "1-0"]
[WhiteElo "2080"]
[BlackElo "1828"]
[PlyCount "47"]
[EventDate "2014.07.04"]

1. d4 Nf6 2. c4 c5 3. d5 b5 4. cxb5 a6 5. bxa6 g6 6. Nc3 Bxa6 7. e4 Bxf1 8.
Kxf1 d6 9. g3 Bg7 10. Kg2 O-O 11. Nf3 Nbd7 12. Re1 Qa5 13. e5 Ng4 14. exd6 exd6
15. Bf4 Nge5 16. Ne4 Nxf3 17. Qxf3 Bxb2 18. Rab1 Be5 19. Nxd6 Bxf4 20. Qxf4
Qxa2 21. Rbd1 Nb6 22. Nf5 Rae8 23. Rxe8 Rxe8 24. Nh6+ 1-0

[Event "International Championship of Central S"]
[Site "Paracin"]
[Date "2014.07.08"]
[Round "6.5"]
[White "Jakovljevic, Dejan"]
[Black "Ostojic, Nikola M"]
[Result "0-1"]
[WhiteElo "1962"]
[BlackElo "2074"]
[PlyCount "88"]
[EventDate "2014.07.04"]

1. e4 c5 2. c3 d5 3. exd5 Qxd5 4. d4 Nf6 5. Nf3 Bg4 6. Be2 e6 7. O-O Nc6 8. h3
Bh5 9. Be3 cxd4 10. cxd4 Be7 11. Nc3 Qd6 12. Qb3 O-O 13. Rfd1 Rfd8 14. Rd2 Qb4
15. Qd1 Qd6 16. a3 Nd5 17. Qb3 a6 18. Ne4 Qc7 19. Qd1 Qb6 20. Nc3 Nxe3 21. fxe3
Rac8 22. Rc1 Na5 23. b4 Nc6 24. Na4 Qa7 25. Nc5 h6 26. Qb3 b5 27. Rdc2 Nb8 28.
Bd3 Bxf3 29. gxf3 Nd7 30. Nxe6 Rxc2 31. Bxc2 fxe6 32. Qxe6+ Kh8 33. Qg6 Nf8 34.
Qe4 Qc7 35. Kg2 Bf6 36. Rd1 Qc3 37. d5 Qxa3 38. d6 a5 39. bxa5 Qxa5 40. Qd5 Qb6
41. e4 Nd7 42. f4 Qe3 43. Rf1 Bh4 44. Qf5 Qd2+ 0-1

[Event "International Championship of Central S"]
[Site "Paracin"]
[Date "2014.07.08"]
[Round "6.6"]
[White "Dimitrijevic, Dusan"]
[Black "Glisic, Tomislav"]
[Result "1-0"]
[WhiteElo "2067"]
[BlackElo "1881"]
[PlyCount "117"]
[EventDate "2014.07.04"]

1. d4 Nf6 2. c4 g6 3. Nc3 c5 4. d5 d6 5. e4 Bg7 6. Bd3 O-O 7. Nge2 e6 8. dxe6
Bxe6 9. O-O Nc6 10. Bg5 Ne5 11. b3 Qd7 12. Qd2 Ne8 13. Rad1 Ng4 14. f3 Ne5 15.
Bb1 Nc6 16. Nb5 f6 17. Bf4 Rd8 18. Nxd6 g5 19. Nxe8 Qxe8 20. Bd6 Rf7 21. Qc1 b6
22. Rd2 Rfd7 23. Rfd1 Qh5 24. Bg3 Qe8 25. Be1 Bf7 26. Rxd7 Rxd7 27. Rxd7 Qxd7
28. Qd2 Qxd2 29. Bxd2 h5 30. Kf2 Bf8 31. Bc3 Kg7 32. Ng3 Bg6 33. Nf5+ Kf7 34.
Ne3 Bd6 35. Nd5 Be5 36. Ke3 h4 37. g3 hxg3 38. hxg3 Ke6 39. f4 gxf4+ 40. gxf4
Bd4+ 41. Bxd4 cxd4+ 42. Kd3 Kf7 43. b4 Ke6 44. f5+ Bxf5 45. exf5+ Kxf5 46. b5
Ne5+ 47. Kxd4+ Ke6 48. Nb4 Kd6 49. Be4 Nd7 50. Nc6 Nc5 51. Nxa7 Ne6+ 52. Kc3
Kc5 53. Nc8 Ng7 54. Ne7 Ne8 55. Ng6 Nd6 56. Bd3 f5 57. Nf8 Ne4+ 58. Bxe4 fxe4
59. Nd7+ 1-0

[Event "International Championship of Central S"]
[Site "Paracin"]
[Date "2014.07.08"]
[Round "6.7"]
[White "Tomic, Slobodan"]
[Black "Farkas, Sandor I"]
[Result "1/2-1/2"]
[WhiteElo "2060"]
[BlackElo "1901"]
[PlyCount "40"]
[EventDate "2014.07.04"]

1. e4 c5 2. Nc3 d6 3. f4 Nc6 4. Nf3 e6 5. d3 Nf6 6. g3 Be7 7. Bg2 O-O 8. O-O a6
9. a4 Qc7 10. h3 Nd7 11. Be3 Rb8 12. Qd2 b5 13. axb5 axb5 14. b3 Rd8 15. d4
cxd4 16. Nxd4 Nxd4 17. Bxd4 Nc5 18. Nd1 Bd7 19. Nf2 Bc6 20. Rfe1 Rbc8 1/2-1/2

[Event "International Championship of Central S"]
[Site "Paracin"]
[Date "2014.07.08"]
[Round "6.8"]
[White "Molcanov, Sergej"]
[Black "Milutinovic, Stefana"]
[Result "1-0"]
[WhiteElo "1907"]
[BlackElo "2055"]
[PlyCount "79"]
[EventDate "2014.07.04"]

1. d4 Nf6 2. c4 g6 3. Nc3 Bg7 4. Nf3 O-O 5. Bf4 d6 6. e3 c5 7. Be2 b6 8. h3 Bb7
9. O-O cxd4 10. exd4 d5 11. c5 bxc5 12. dxc5 Nbd7 13. b4 Nh5 14. Bd2 d4 15. Na4
d3 16. Bxd3 Bxf3 17. gxf3 Bxa1 18. Qxa1 Ndf6 19. Nb2 Qd4 20. Qc1 Nd5 21. Be4
Nhf6 22. Re1 Rad8 23. Bxd5 Qxd5 24. Nc4 Qxf3 25. Rxe7 Qxh3 26. Nd6 Qg4+ 27. Kf1
Qh3+ 28. Kg1 Ng4 29. Bf4 Nxf2 30. Qe3 Qxe3 31. Bxe3 Ng4 32. Bd4 a6 33. Ra7 h5
34. Kg2 f6 35. a4 Rfe8 36. Nxe8 Rxd4 37. c6 Rc4 38. c7 h4 39. Nd6 Rc2+ 40. Kh3
1-0

[Event "International Championship of Central S"]
[Site "Paracin"]
[Date "2014.07.08"]
[Round "6.9"]
[White "Injac, Teodora"]
[Black "Cvetkovski, Slobodan"]
[Result "1-0"]
[WhiteElo "1984"]
[BlackElo "1875"]
[PlyCount "49"]
[EventDate "2014.07.04"]

1. d4 d5 2. c4 e6 3. Nf3 Nf6 4. Bg5 Nbd7 5. e3 c6 6. Nc3 Be7 7. Rc1 O-O 8. Bd3
dxc4 9. Bxc4 b5 10. Bd3 Bb7 11. O-O h6 12. Bh4 a6 13. a4 b4 14. Bxf6 Nxf6 15.
Ne4 Nxe4 16. Bxe4 Qb6 17. Ne5 Rfc8 18. Qh5 f5 19. Qf7+ Kh7 20. Qxe7 fxe4 21.
Qxe6 b3 22. Nc4 Qb4 23. Qxe4+ Kg8 24. Qe6+ Kh8 25. Qd6 1-0

[Event "International Championship of Central S"]
[Site "Paracin"]
[Date "2014.07.08"]
[Round "6.10"]
[White "Zivanovic, Blagoje"]
[Black "Colovic, Zoran"]
[Result "1/2-1/2"]
[WhiteElo "1931"]
[BlackElo "2088"]
[PlyCount "79"]
[EventDate "2014.07.04"]

1. e4 e6 2. d4 c5 3. Nf3 cxd4 4. Nxd4 Nf6 5. Nc3 Bb4 6. e5 Qc7 7. exf6 Bxc3+ 8.
bxc3 Qxc3+ 9. Qd2 Qxa1 10. Nb5 gxf6 11. Nc7+ Kd8 12. Nxa8 Nc6 13. Bd3 Qe5+ 14.
Qe3 b6 15. O-O Bb7 16. Nxb6 axb6 17. Qxb6+ Qc7 18. Be3 Ne5 19. Rb1 Qxb6 20.
Bxb6+ Kc8 21. f3 Nxd3 22. cxd3 Rg8 23. Kf2 Rg5 24. d4 Rd5 25. Ke3 Bc6 26. Rb4
d6 27. a4 f5 28. a5 e5 29. dxe5 dxe5 30. Rh4 f4+ 31. Ke2 Rb5 32. Rxh7 Rb2+ 33.
Ke1 Ra2 34. Rxf7 Bxf3 35. a6 Rb2 36. Rc7+ Kd8 37. Ba5 Re2+ 38. Kf1 Ke8 39. a7
Rxg2 40. Bc3 1/2-1/2

[Event "International Championship of Central S"]
[Site "Paracin"]
[Date "2014.07.08"]
[Round "6.11"]
[White "Madic, Zivko"]
[Black "Zarkovic, Milos"]
[Result "1/2-1/2"]
[WhiteElo "2073"]
[BlackElo "1822"]
[PlyCount "96"]
[EventDate "2014.07.04"]

1. d4 Nf6 2. Nf3 e6 3. Bg5 Bb4+ 4. c3 Be7 5. e3 c5 6. Nbd2 d5 7. Bd3 O-O 8. Ne5
b6 9. f4 Nfd7 10. Bxe7 Qxe7 11. Qh5 Nf6 12. Qf3 Ba6 13. Bxa6 Nxa6 14. O-O Nc7
15. Rad1 Rfe8 16. Rfe1 Nb5 17. Kh1 Nd6 18. dxc5 bxc5 19. c4 Rac8 20. b3 Red8
21. cxd5 exd5 22. Rc1 Nde4 23. Nf1 Qb7 24. Rc2 Rc7 25. Rec1 Rdc8 26. g4 Nd7 27.
Nxd7 Rxd7 28. Ng3 Nxg3+ 29. hxg3 Rdc7 30. g5 Qc6 31. Rh2 d4 32. Qxc6 Rxc6 33.
exd4 cxd4 34. Rxc6 Rxc6 35. Rd2 Rd6 36. Kg2 f6 37. gxf6 gxf6 38. g4 Re6 39.
Rxd4 Re2+ 40. Kf3 Rxa2 41. Ke4 Kf7 42. Rd7+ Kg6 43. Kd5 Rd2+ 44. Kc6 Rxd7 45.
Kxd7 h5 46. gxh5+ Kxh5 47. Ke6 Kg4 48. Kxf6 Kxf4 1/2-1/2

[Event "International Championship of Central S"]
[Site "Paracin"]
[Date "2014.07.08"]
[Round "6.12"]
[White "Chetina, Elizaveta"]
[Black "Arandjelovic, Aleksandar Z"]
[Result "0-1"]
[WhiteElo "1890"]
[BlackElo "2060"]
[PlyCount "66"]
[EventDate "2014.07.04"]

1. e4 c5 2. c4 Nc6 3. Nf3 d6 4. d4 cxd4 5. Nxd4 Nf6 6. Nc3 g6 7. Be2 Bg7 8. Be3
O-O 9. O-O Bd7 10. f3 Ne8 11. Qd2 Nc7 12. Rab1 Ne6 13. Nxc6 bxc6 14. b4 c5 15.
b5 Nd4 16. Bd3 e5 17. Bh6 Be6 18. Bxg7 Kxg7 19. f4 f5 20. Rbe1 Qf6 21. fxe5
dxe5 22. exf5 gxf5 23. Ne4 Qe7 24. Ng3 e4 25. Nh5+ Kh8 26. Qf4 Bf7 27. Ng3 Bg6
28. Rf2 Rae8 29. Re3 Qg7 30. Bxe4 fxe4 31. Qd6 Rxf2 32. Kxf2 Qf8+ 33. Kg1 Ne2+
0-1

[Event "International Championship of Central S"]
[Site "Paracin"]
[Date "2014.07.08"]
[Round "6.13"]
[White "Emmanouilidis, Athanasios"]
[Black "Ljangov, Petar"]
[Result "1-0"]
[WhiteElo "1880"]
[BlackElo "2046"]
[PlyCount "83"]
[EventDate "2014.07.04"]

1. d4 Nf6 2. c4 e6 3. Nc3 Bb4 4. Nf3 c5 5. g3 Nc6 6. d5 Na5 7. Qd3 exd5 8. cxd5
O-O 9. Bg2 d6 10. h3 a6 11. O-O b5 12. Bg5 Bxc3 13. Qxc3 b4 14. Bxf6 Qxf6 15.
Qxf6 gxf6 16. Nd2 Re8 17. Rfe1 Kg7 18. a3 b3 19. Rac1 Rb8 20. Rc3 Bd7 21. e4 f5
22. e5 Rxe5 23. Rxe5 dxe5 24. Rxc5 Bb5 25. d6 Rd8 26. a4 Rxd6 27. axb5 axb5 28.
Rxb5 Rxd2 29. Rxa5 Rxb2 30. Rxe5 Rc2 31. Rb5 b2 32. Bf1 Rd2 33. Kg2 Kf6 34. Bc4
Ke7 35. Kf3 Kd6 36. Ke3 Rc2 37. Bd3 f4+ 38. gxf4 Rc3 39. Kd2 Rc8 40. Rxb2 Ke6
41. Rb6+ Ke7 42. Rh6 1-0

[Event "International Championship of Central S"]
[Site "Paracin"]
[Date "2014.07.08"]
[Round "6.14"]
[White "Dyulgerov, Dimitar"]
[Black "Peycheva, Gergana"]
[Result "1/2-1/2"]
[WhiteElo "1977"]
[BlackElo "1672"]
[PlyCount "57"]
[EventDate "2014.07.04"]

1. d4 Nf6 2. c4 e6 3. Nc3 Bb4 4. Qc2 b6 5. Nf3 Bxc3+ 6. Qxc3 Bb7 7. g3 O-O 8.
Bg2 d6 9. O-O Nbd7 10. b3 c5 11. Rd1 Qc7 12. Bb2 Rfd8 13. Rac1 Rac8 14. Qe3
cxd4 15. Qxd4 Nc5 16. Qh4 Ne8 17. Ng5 h6 18. Ne4 Nxe4 19. Bxe4 Bxe4 20. Qxe4
Qe7 21. Ba3 Qg5 22. Rc2 d5 23. cxd5 Rxc2 24. Qxc2 Rxd5 25. Rxd5 Qxd5 26. Qc8
Qd1+ 27. Kg2 Qd5+ 28. Kg1 Qd1+ 29. Kg2 1/2-1/2

[Event "International Championship of Central S"]
[Site "Paracin"]
[Date "2014.07.08"]
[Round "6.15"]
[White "Raykov, Stefan"]
[Black "Radovanovic, Miroljub B"]
[Result "0-1"]
[WhiteElo "1845"]
[BlackElo "1974"]
[PlyCount "142"]
[EventDate "2014.07.04"]

1. e4 c5 2. Nf3 Nc6 3. c3 d6 4. Be2 Nf6 5. d4 cxd4 6. cxd4 Nxe4 7. d5 Qa5+ 8.
Nc3 Nxc3 9. bxc3 Nb8 10. O-O Nd7 11. Rb1 a6 12. Re1 Nf6 13. c4 g6 14. Be3 Nd7
15. Bd4 Rg8 16. Ng5 h6 17. Ne4 f5 18. Ng3 Bg7 19. Bf1 Kf8 20. Ne2 Be5 21. Qc1
g5 22. Qc2 Qc7 23. Qxf5+ Nf6 24. Qd3 b5 25. Rec1 Qa5 26. Bxe5 dxe5 27. d6 Qd8
28. dxe7+ Kxe7 29. Qe3 Qd6 30. cxb5 Bf5 31. Rb2 Ng4 32. Qg3 axb5 33. h3 Nf6 34.
Rxb5 Nd7 35. Nc3 Ra3 36. Rd5 Rxc3 37. Rxd6 Rxg3 38. Rxd7+ Bxd7 39. fxg3 Ra8 40.
Rc2 Be6 41. Rc7+ Kd6 42. Rb7 e4 43. Rb4 Bd5 44. a4 Rc8 45. Rb6+ Ke5 46. Rb1 Rc2
47. Ra1 e3 48. a5 Kd4 49. Re1 Ke4 50. Rd1 Rd2 51. Rxd2 exd2 52. Be2 Ke3 53. Bd1
Bc4 54. g4 Ba6 55. g3 Be2 56. Ba4 d1=Q+ 57. Bxd1 Bxd1 58. a6 Bf3 59. a7 Ba8 60.
Kh2 Kf2 61. h4 Kf3 62. Kh3 Bb7 63. hxg5 hxg5 64. Kh2 Kxg4 65. Kg1 Kh3 66. Kf2
g4 67. Kf1 Kxg3 68. Kg1 Kh3 69. Kf2 g3+ 70. Kg1 Ba8 71. Kf1 Kh2 0-1

[Event "International Championship of Central S"]
[Site "Paracin"]
[Date "2014.07.08"]
[Round "6.16"]
[White "Lukic, Lazar"]
[Black "Rasic, Jovan"]
[Result "1-0"]
[WhiteElo "1757"]
[BlackElo "2072"]
[PlyCount "73"]
[EventDate "2014.07.04"]

1. e4 g6 2. d4 Bg7 3. Be3 c6 4. Nc3 d5 5. f3 dxe4 6. fxe4 Nf6 7. Nf3 Ng4 8. Bg1
O-O 9. b3 Nf6 10. Qd2 b5 11. Bd3 Bb7 12. Be3 Qc7 13. Bf4 Qb6 14. Bh6 c5 15.
Bxg7 Kxg7 16. Bxb5 Rd8 17. dxc5 Rxd2 18. cxb6 Rxg2 19. bxa7 Rxa7 20. Bd3 Nh5
21. Kf1 Rg3 22. Kf2 f5 23. Ne2 fxe4 24. Bxe4 Bxe4 25. Nxg3 Nxg3 26. Kxg3 Bxc2
27. Rhc1 Bf5 28. Nd4 Bd7 29. Rc3 e5 30. Ne2 Be6 31. a3 Nd7 32. Rac1 Kf6 33. Rc7
Rxa3 34. Rd1 Nb8 35. Rd8 Na6 36. Rf8+ Kg5 37. Rxh7 1-0

[Event "International Championship of Central S"]
[Site "Paracin"]
[Date "2014.07.08"]
[Round "6.17"]
[White "Milosavljevic, Delimir"]
[Black "Floricelovic, Milos"]
[Result "0-1"]
[WhiteElo "1836"]
[BlackElo "2067"]
[PlyCount "60"]
[EventDate "2014.07.04"]

1. c4 e6 2. Nc3 d5 3. cxd5 exd5 4. d4 Nf6 5. Nf3 Be7 6. g3 O-O 7. Bg2 c6 8. O-O
Nbd7 9. a3 a5 10. Bd2 Re8 11. e3 Bd6 12. Ne1 Ne4 13. Nxe4 dxe4 14. Rc1 Nf6 15.
h3 Be6 16. Qc2 Qd7 17. Kh2 h5 18. f4 exf3 19. Nxf3 Bd5 20. Ne5 Bxe5 21. dxe5
Bxg2 22. Kxg2 Rxe5 23. Rcd1 Qe6 24. Bc1 Nd5 25. Rf2 Rxe3 26. Rdf1 h4 27. g4 Re8
28. Qd2 Qe5 29. Kg1 Rg3+ 30. Rg2 Ne3 0-1

[Event "International Championship of Central S"]
[Site "Paracin"]
[Date "2014.07.08"]
[Round "6.18"]
[White "Isak, Igor G"]
[Black "Gagic, Miroljub"]
[Result "1-0"]
[WhiteElo "2062"]
[BlackElo "1851"]
[PlyCount "117"]
[EventDate "2014.07.04"]

1. d4 Nf6 2. Nf3 e6 3. Bg5 c5 4. c3 b6 5. e3 Bb7 6. Bd3 Be7 7. O-O O-O 8. Nbd2
cxd4 9. exd4 d6 10. Qc2 h6 11. Bh4 Nbd7 12. Rfe1 Rc8 13. Qa4 a6 14. Qd1 Re8 15.
Qe2 Ra8 16. a4 Nh5 17. Bxe7 Qxe7 18. Be4 Bxe4 19. Nxe4 Nhf6 20. a5 b5 21. Red1
Nxe4 22. Qxe4 Nf6 23. Qe2 Rec8 24. Ne1 Qd8 25. Nd3 Nd5 26. f4 g6 27. Qd2 Kg7
28. Rf1 Qc7 29. Rf3 Rh8 30. Rg3 Nf6 31. Qe2 Qc4 32. h4 h5 33. Qf3 Qd5 34. Nb4
Qxf3 35. Rxf3 Ne4 36. d5 Kf6 37. Rd1 Rhd8 38. Re3 Nc5 39. Rde1 Re8 40. Kf2 Rac8
41. Kf3 Ra8 42. g3 Ke7 43. dxe6 Nxe6 44. Nd5+ Kf8 45. Rd1 Red8 46. Nb4 Nc5 47.
f5 Nb7 48. fxg6 fxg6 49. Kf4 Nxa5 50. Kg5 Nc4 51. Rf1+ Kg8 52. Re6 Ne5 53. Nd5
Ra7 54. Ne7+ Kg7 55. Nxg6 Rf7 56. Nf4 Rdf8 57. Nxh5+ Kh7 58. Rh6+ Kg8 59. Nf6+
1-0

[Event "International Championship of Central S"]
[Site "Paracin"]
[Date "2014.07.08"]
[Round "6.19"]
[White "Ratkovic, Petar"]
[Black "Thomassen, Thomas"]
[Result "0-1"]
[WhiteElo "1800"]
[BlackElo "2050"]
[PlyCount "64"]
[EventDate "2014.07.04"]

1. d4 Nf6 2. Nf3 g6 3. Nc3 d5 4. Bf4 Bg7 5. e3 O-O 6. Be2 c5 7. O-O cxd4 8.
exd4 Nc6 9. Ne5 Qb6 10. Nxc6 Qxc6 11. Be5 Bf5 12. Bd3 Bxd3 13. Qxd3 Rac8 14.
Rfe1 e6 15. Rac1 a6 16. Ne2 b5 17. c3 Qb6 18. Qg3 Ne4 19. Qf3 Bxe5 20. dxe5 f6
21. exf6 Rxf6 22. Qe3 Qxe3 23. fxe3 Rcf8 24. Nd4 Rf2 25. Nxe6 R8f6 26. Nf4 Rxb2
27. a4 bxa4 28. c4 a3 29. cxd5 a2 30. Ra1 Rfb6 31. Nd3 Rd2 32. Nc1 Rbb2 0-1

[Event "International Championship of Central S"]
[Site "Paracin"]
[Date "2014.07.08"]
[Round "6.20"]
[White "Rajic, Milovan"]
[Black "Lazic, Milan B"]
[Result "0-1"]
[WhiteElo "1794"]
[BlackElo "2022"]
[PlyCount "80"]
[EventDate "2014.07.04"]

1. d4 Nf6 2. c4 c5 3. d5 b5 4. cxb5 a6 5. b6 Qxb6 6. Nc3 g6 7. g3 d6 8. Bg2 Bg7
9. Nf3 O-O 10. O-O a5 11. Re1 Nbd7 12. Qc2 Ba6 13. h3 Rfb8 14. e4 Ra7 15. Rb1
Ne8 16. Be3 Nc7 17. Kh2 Nb5 18. Na4 Qd8 19. Red1 Rab7 20. Bf1 Nb6 21. Nxb6 Qxb6
22. e5 Nc7 23. Bg2 Qb4 24. Bd2 Qc4 25. Bc3 Qb5 26. Bf1 c4 27. Qe4 Qc5 28. Kg1
Nb5 29. Bd2 dxe5 30. Qxc4 Qd6 31. Bxa5 Nd4 32. Qc3 Ne2+ 33. Bxe2 Bxe2 34. Rd2
e4 35. Nd4 Bd3 36. Rxd3 exd3 37. Qxd3 Qxd5 38. Rd1 Bxd4 39. b4 e5 40. a4 Rxb4
0-1

[Event "International Championship of Central S"]
[Site "Paracin"]
[Date "2014.07.08"]
[Round "6.21"]
[White "Majstorovic, Dusan"]
[Black "Kuzmanovic, Aleksa"]
[Result "1/2-1/2"]
[WhiteElo "2022"]
[BlackElo "1809"]
[PlyCount "127"]
[EventDate "2014.07.04"]

1. e4 c5 2. Nc3 Nc6 3. g3 g6 4. Bg2 Bg7 5. d3 e6 6. Be3 d6 7. Qd2 Qa5 8. Nd1
Qxd2+ 9. Kxd2 Nge7 10. f4 O-O 11. Nf3 Nd4 12. c3 Nxf3+ 13. Bxf3 b6 14. e5 d5
15. d4 cxd4 16. Bxd4 Ba6 17. Re1 Rfd8 18. Ne3 Rac8 19. Nc2 Nc6 20. Be2 Bxe2 21.
Rxe2 Bf8 22. Kd3 Rd7 23. Rc1 Be7 24. Bf2 Kf8 25. Nd4 Nxd4 26. Bxd4 Bc5 27. Rec2
Rdc7 28. b3 Rd8 29. a4 Rdc8 30. c4 Ba3 31. Ra1 dxc4+ 32. Rxc4 Rxc4 33. bxc4 Bc5
34. Bxc5+ Rxc5 35. Kc3 Ke7 36. a5 Kd7 37. axb6 axb6 38. Kb4 Kc8 39. Ra7 Rc7 40.
Ra8+ Kb7 41. Rd8 Kc6 42. g4 h6 43. Rh8 Rd7 44. Rh7 Rd4 45. Rxf7 b5 46. Kc3
Rxc4+ 47. Kd3 g5 48. f5 Kd5 49. Rf6 exf5 50. e6 fxg4 51. e7 Rd4+ 52. Kc3 Re4
53. Rf5+ Kd6 54. Rf6+ Kxe7 55. Rxh6 Kf7 56. Rb6 Re2 57. Rxb5 Kg6 58. Kd3 Rxh2
59. Ke3 Rh3+ 60. Kf2 Ra3 61. Rb8 g3+ 62. Kg2 Kf5 63. Rb4 Rd3 64. Ra4 1/2-1/2

[Event "International Championship of Central S"]
[Site "Paracin"]
[Date "2014.07.08"]
[Round "6.22"]
[White "Bozinovic, Boban"]
[Black "Lojovic, Matija"]
[Result "1-0"]
[WhiteElo "2011"]
[BlackElo "1839"]
[PlyCount "121"]
[EventDate "2014.07.04"]

1. e4 e6 2. d4 d5 3. Nc3 dxe4 4. Nxe4 Be7 5. Nf3 Nd7 6. Bd3 Ngf6 7. O-O O-O 8.
Qe2 c5 9. dxc5 Nxc5 10. Nxc5 Bxc5 11. Bg5 Be7 12. Rad1 Qc7 13. c3 Bd7 14. Bxf6
Bxf6 15. Bxh7+ Kxh7 16. Qd3+ Kg8 17. Qxd7 Qb6 18. Qd2 Rad8 19. Qc2 Rxd1 20.
Rxd1 Rd8 21. Rxd8+ Qxd8 22. Qd2 Qc7 23. g3 a6 24. Qd3 b5 25. Nd2 g6 26. Ne4 Bg7
27. Qd6 Qxd6 28. Nxd6 Kf8 29. Ne4 Ke7 30. Kf1 f5 31. Nc5 a5 32. Ke2 a4 33. Kd2
Kd6 34. Nd3 e5 35. f3 Bf6 36. b3 axb3 37. axb3 g5 38. Nf2 Ke6 39. c4 bxc4 40.
bxc4 Be7 41. h3 Kd6 42. Kd3 Bf6 43. g4 e4+ 44. fxe4 f4 45. e5+ Kxe5 46. Ne4 Be7
47. Nd2 Kd6 48. Ke4 Kc5 49. Kd3 Kd6 50. Kd4 Bf6+ 51. Ke4 Kc5 52. Kd3 Be7 53.
Ne4+ Kc6 54. Kd4 Bd8 55. Ke5 f3 56. Kf5 Kd7 57. Ke5 Kc6 58. Kd4 Bb6+ 59. Kd3 f2
60. Ke2 Kd7 61. Nxg5 1-0

[Event "International Championship of Central S"]
[Site "Paracin"]
[Date "2014.07.08"]
[Round "6.23"]
[White "Pavlovic, Slobodan Z"]
[Black "Milosevic, Jovana"]
[Result "0-1"]
[WhiteElo "1792"]
[BlackElo "1990"]
[PlyCount "94"]
[EventDate "2014.07.04"]

1. e4 c5 2. Nf3 d6 3. d4 cxd4 4. Nxd4 Nf6 5. Nc3 a6 6. Bd3 e6 7. Bg5 Be7 8. Nf3
Nbd7 9. O-O O-O 10. Ne2 b6 11. c3 Bb7 12. Ng3 Qc7 13. Rc1 Rfe8 14. Bb1 Rac8 15.
Qc2 h6 16. h4 hxg5 17. hxg5 Nh7 18. g6 fxg6 19. e5 Nhf8 20. exd6 Bxd6 21. Nh4
Bxg3 22. fxg3 Qxg3 23. Nxg6 Nxg6 24. Qxg6 Qxg6 25. Bxg6 Rf8 26. Rfe1 Rf6 27.
Be4 Bxe4 28. Rxe4 Nc5 29. Rg4 Re8 30. Rd1 Rf7 31. Rd6 Nd7 32. a4 a5 33. b4 axb4
34. cxb4 e5 35. Re4 Ra8 36. Rc4 Rxa4 37. Rc7 Rxb4 38. Kh1 Rd4 39. Re6 b5 40.
Re8+ Rf8 41. Re7 Rb8 42. g4 b4 43. Rc2 b3 44. Rb2 Rd6 45. g5 Kf8 46. g6 Kxe7
47. Kh2 Rc6 0-1

[Event "International Championship of Central S"]
[Site "Paracin"]
[Date "2014.07.08"]
[Round "6.24"]
[White "Nikolic, Vladimir"]
[Black "Kostic, Marko"]
[Result "1-0"]
[WhiteElo "1980"]
[BlackElo "1779"]
[PlyCount "57"]
[EventDate "2014.07.04"]

1. Nf3 d5 2. d4 Nf6 3. Bg5 Bf5 4. c3 e6 5. Qb3 b6 6. Nbd2 Nbd7 7. Ne5 h6 8.
Bxf6 Nxf6 9. Qa4+ Nd7 10. e4 dxe4 11. Bb5 Bd6 12. Bxd7+ Kf8 13. Bc6 Bxe5 14.
dxe5 e3 15. fxe3 Rc8 16. Qd4 Qg5 17. O-O-O Kg8 18. Qf4 Qe7 19. e4 Bg6 20. Nb3
Kh7 21. Rd7 Qf8 22. h4 h5 23. g4 Rd8 24. Rhd1 Rxd7 25. Rxd7 Qc8 26. Qg5 hxg4
27. h5 Bxh5 28. Qxh5+ Kg8 29. Qxf7+ 1-0

[Event "International Championship of Central S"]
[Site "Paracin"]
[Date "2014.07.08"]
[Round "6.25"]
[White "Stojkovic, Zoran"]
[Black "Egorova, Tatyana"]
[Result "1-0"]
[WhiteElo "1971"]
[BlackElo "1793"]
[PlyCount "51"]
[EventDate "2014.07.04"]

1. e4 c5 2. Nf3 Nc6 3. d4 cxd4 4. Nxd4 g6 5. Nc3 Bg7 6. Be3 Nf6 7. Be2 O-O 8.
Qd2 d6 9. f3 Nxd4 10. Bxd4 Be6 11. g4 Qa5 12. a3 Rfc8 13. O-O-O Nd7 14. Bxg7
Kxg7 15. h4 Rc5 16. h5 g5 17. Kb1 f6 18. Qd4 Qc7 19. h6+ Kf8 20. Rh5 Bf7 21.
Nd5 Rxd5 22. exd5 Bxh5 23. gxh5 e5 24. dxe6 Nc5 25. Qxf6+ Ke8 26. Bb5+ 1-0

[Event "International Championship of Central S"]
[Site "Paracin"]
[Date "2014.07.08"]
[Round "6.26"]
[White "Simic, Petar S"]
[Black "Jaklin, Damir"]
[Result "0-1"]
[WhiteElo "1770"]
[BlackElo "1962"]
[PlyCount "98"]
[EventDate "2014.07.04"]

1. d4 d5 2. c4 e6 3. cxd5 exd5 4. Nc3 Nf6 5. Bg5 Be7 6. Nf3 O-O 7. e3 c6 8. Bd3
Nbd7 9. Qc2 Re8 10. O-O h6 11. Bf4 Nf8 12. Ne5 Nh5 13. Rad1 Bd6 14. h3 Nxf4 15.
exf4 f6 16. Ng6 Qc7 17. f5 Bd7 18. Nxf8 Kxf8 19. Rc1 Qb6 20. Ne2 Re7 21. g4
Rae8 22. Kg2 Rxe2 23. Bxe2 Qxd4 24. Bf3 Qf4 25. Rh1 d4 26. Rcd1 Re3 27. fxe3
Qg3+ 28. Kf1 Qxf3+ 29. Kg1 dxe3 30. Rf1 Qg3+ 31. Qg2 Qe5 32. Re1 Bc5 33. Re2
Be8 34. Qf3 Bf7 35. Rhh2 Bd5 36. Qf1 Qg3+ 37. Rhg2 Qe5 38. a3 Bc4 39. Qe1 b5
40. Qc3 Bd4 41. Qc1 a5 42. Kh1 Bd5 43. Kg1 Bf3 44. Qe1 Qe4 45. Qxa5 Bxg2 46.
Qd8+ Kf7 47. Qd7+ Kg8 48. Qd8+ Kh7 49. Qf8 Bxh3 0-1